<?xml version="1.0" encoding="UTF-8"?>
<record
    xmlns:xsi="http://www.w3.org/2001/XMLSchema-instance"
    xsi:schemaLocation="http://www.loc.gov/MARC21/slim http://www.loc.gov/standards/marcxml/schema/MARC21slim.xsd"
    xmlns="http://www.loc.gov/MARC21/slim">

  <leader>00662nam a2200169   4500</leader>
  <controlfield tag="001">3552</controlfield>
  <controlfield tag="005">20181127171446.0</controlfield>
  <datafield tag="020" ind1="0" ind2="0">
    <subfield code="a"></subfield>
  </datafield>
  <datafield tag="090" ind1="0" ind2="0">
    <subfield code="a">248.7 B9274h 2001</subfield>
  </datafield>
  <datafield tag="245" ind1="0" ind2="0">
    <subfield code="a">Human roots for young readers, Volume 2.</subfield>
    <subfield code="b"></subfield>
    <subfield code="c"></subfield>
    <subfield code="h"></subfield>
  </datafield>
  <datafield tag="260" ind1="0" ind2="0">
    <subfield code="a">Burlingame, CA:</subfield>
    <subfield code="b">Buddhist Text Translation Society, Dharma Realm Buddhist Association, </subfield>
    <subfield code="c">2003.</subfield>
  </datafield>
  <datafield tag="300" ind1="0" ind2="0">
    <subfield code="a">105 p. : col. ill. ; 26 cm.</subfield>
  </datafield>
  <datafield tag="500" ind1="0" ind2="0">
    <subfield code="a">"A collection of traditional Buddhist stories, adapted for  modern youth, including tales of Buddha, his disciples, and  the Bodhisattvas."</subfield>
  </datafield>
  <datafield tag="650" ind1=" " ind2=" ">
    <subfield code="a">Tales.</subfield>
    <subfield code="v"></subfield>
    <subfield code="x"></subfield>
    <subfield code="y"></subfield>
    <subfield code="z"></subfield>
    <subfield code="2"></subfield>
  </datafield>
  <datafield tag="650" ind1="0" ind2="0">
    <subfield code="a">Buddha and Buddhism-- Study and teaching.</subfield>
    <subfield code="x"></subfield>
  </datafield>
  <datafield tag="650" ind1="0" ind2="0">
    <subfield code="a">Buddhist stories, English.</subfield>
    <subfield code="x"></subfield>
  </datafield>
  <datafield tag="999" ind1=" " ind2=" ">
    <subfield code="c">2889</subfield>
    <subfield code="d">2889</subfield>
  </datafield>
  <datafield tag="952" ind1=" " ind2=" ">
    <subfield code="0">0</subfield>
    <subfield code="1">0</subfield>
    <subfield code="2">ddc</subfield>
    <subfield code="4">0</subfield>
    <subfield code="7">0</subfield>
    <subfield code="8">MAIN</subfield>
    <subfield code="a">RTCLIB</subfield>
    <subfield code="b">RTCLIB</subfield>
    <subfield code="c">MAIN</subfield>
    <subfield code="h"> </subfield>
    <subfield code="i">6079</subfield>
    <subfield code="l">0</subfield>
    <subfield code="o">248.7 HUM</subfield>
    <subfield code="p">30000395</subfield>
    <subfield code="r">2018-11-27 00:00:00</subfield>
    <subfield code="w">2018-11-27</subfield>
    <subfield code="y">MAIN</subfield>
  </datafield>
</record>
